| 000 | 00939nam a2200301 i 4500 | ||
|---|---|---|---|
| 001 | 34580 | ||
| 003 | BD-RjUL | ||
| 005 | 20211209052200.0 | ||
| 008 | 140518r19791927enk b 001 0 eng d | ||
| 020 | _a071000544X | ||
| 035 | _a(BD-RjUL)34674 | ||
| 035 | _a(NNC)40574 | ||
| 040 |
_aNNC _cNNC _beng _dBD-RjUL |
||
| 041 | _aeng | ||
| 082 |
_a306.8 _bMAS 1979 |
||
| 090 |
_aHQ504 _b.M54 1979 |
||
| 100 | 1 |
_aMalinowski, Bronislaw, _d1884-1942. _95789 |
|
| 245 | 1 | 0 |
_aSex and repression in savage society / _cby Bronislaw Malinowski. |
| 260 |
_aLondon ; _bRoutledge & Kegan Paul ; _aNew York : _bHumanities Press, _c1927 [reprinted 1979 ] |
||
| 300 |
_axiv, 285 p. ; _c23 cm. |
||
| 504 | _aIncludes bibliographical references and index. | ||
| 650 | 0 |
_aFamilies. _9105198 |
|
| 650 | 0 |
_aSex. _9105199 |
|
| 650 | 0 |
_aPsychoanalysis. _9105200 |
|
| 650 | 0 |
_aPrimitive societies. _934457 |
|
| 650 | 0 |
_aAnthropology. _9105201 |
|
| 942 |
_2ddc _cBK |
||
| 999 |
_c34580 _d34580 |
||